|
|
|
|
| LEADER |
00000nam a2200000 a 4500 |
| 001 |
UCX3320 |
| 003 |
CL-VaPUC |
| 008 |
911024e19790000SP |||||||||||||||||spa|d |
| 082 |
0 |
4 |
|a 909
|b HIS
|2 21
|
| 245 |
1 |
0 |
|a Historia universal
|
| 300 |
|
|
|a v
|
| 942 |
|
|
|c BK
|
| 945 |
|
|
|d 19911024 00:00:00
|
| 260 |
|
|
|a Pamplona
|b EUNSA
|c 1979
|
| 500 |
|
|
|a v.1: Las primeras civilizaciones
|
| 500 |
|
|
|a v.2: La antiguedad clasica
|
| 500 |
|
|
|a v.6: De la crisis del siglo XIV a la reforma
|
| 500 |
|
|
|a v.7: Renacimiento, reforma, expansión europea
|
| 650 |
|
0 |
|a Historia universal
|9 266877
|
| 583 |
|
|
|a last modification
|c 19911024 00:00:00
|k Rodrigo Vera
|
| 999 |
|
|
|c 224116
|d 224114
|
| 952 |
|
|
|0 0
|1 0
|4 0
|6 909_000000000000000_HIS_1979
|7 0
|8 X
|9 220517
|a BIBHIS
|b BIBHIS
|d 2019-11-15
|h v.1
|i 2892235
|o 909 HIS 1979
|p 2892235
|r 2024-01-30
|w 2019-11-15
|y BK_X
|k HIS
|
| 952 |
|
|
|0 0
|1 0
|4 0
|6 909_000000000000000_HIS_1979
|7 0
|8 X
|9 220518
|a BIBHIS
|b BIBHIS
|d 2019-11-15
|h v.2
|i 2892243
|o 909 HIS 1979
|p 2892243
|r 2024-01-30
|w 2019-11-15
|y BK_X
|k HIS
|
| 952 |
|
|
|0 0
|1 0
|4 0
|6 909_000000000000000_HIS_1979
|7 0
|8 X
|9 220519
|a BIBHIS
|b BIBHIS
|d 2019-11-15
|h v.6
|i 2892251
|o 909 HIS 1979
|p 2892251
|r 2024-01-30
|w 2019-11-15
|y BK_X
|k HIS
|
| 952 |
|
|
|0 0
|1 0
|4 0
|6 909_000000000000000_HIS_1979
|7 0
|8 X
|9 220520
|a BIBHIS
|b BIBHIS
|d 2019-11-15
|h v.7
|i 289226K
|o 909 HIS 1979
|p 289226K
|r 2024-01-30
|w 2019-11-15
|y BK_X
|k HIS
|